Cuando el hombre ora

Furkejuvvon:
Bibliográfalaš dieđut
Váldodahkki: Finkler, Pedro (Dahkki)
Materiálatiipa: Girji
Giella:espánnjágiella
Almmustuhtton: Madrid Ediciones Paulinas 1981
Preanttus:2a. ed
Fáttát:
Fáddágilkorat: Lasit fáddágilkoriid
Eai fáddágilkorat, Lasit vuosttaš fáddágilkora!

MARC

LEADER 00000cam a2200000 a 4500
001 UCE2559
003 CL-VaPUC
008 140710e19810000sp |||||||||||||||||spa|d
020 |a 842850850X 
082 0 4 |a 253  |b FIN  |2 21 
100 0 |a Finkler, Pedro  |e author  |9 575047 
245 1 0 |a Cuando el hombre ora 
250 |a 2a. ed 
300 |a 254 p 
942 |c BK 
945 |d 20140710 11:54:00  |a dcastane 
260 |a Madrid  |b Ediciones Paulinas  |c 1981 
650 7 |a EVANGELIZACION  |2 CL-VaPUC  |9 575048 
650 7 |a ORACIONES CATOLICAS  |2 CL-VaPUC  |9 517576 
583 |a last modification  |c 20140710 11:54:00  |k Rodrigo Vera 
999 |c 356149  |d 356147